Republic of Ireland local authorities-County Mayo - Statistics

General Stats
  • This quiz has been taken 4 times
  • The average score is 11 of 15
Answer Stats
Hint Answer % Correct
Largest of Ireland's offshore islands Achill Island
100%
Georgian seaside resort town that is popular with tourists; Croagh Patrick is nearby Westport
100%
Method of (mostly) nonviolent protest named after this notorious absentee English landlord Boycott
75%
Notorious anti-LGBT rights activists from Castlebar Burke family
75%
Taoiseach from 2011 to 2017 Enda Kenny
75%
Village believed to be the site of a Marian apparition; as a result, has a shrine and a nearby international airport Knock
75%
Political party that has historically struggled to get votes in the county Labour
75%
First female President of Ireland Mary Robinson
75%
Prominent, standalone mountain; not located in the similarly named wild, barren national park Nephin
75%
Mayo's rugged, windswept coastal landscape has made it one of Europe's best locations for what? Renewable energy
75%
Novelist from Castlebar; author of Normal People and Intermezzo Sally Rooney
75%
The village of Cong was the primary filming location for this 1952 classic, starring John Wayne and Maureen O'Hara The Quiet Man
75%
Mayo is named after this species of tree Yew
75%
Nicknamed the 'Pirate Queen', this woman was chieftain of the Ó Máille dynasty Grace O'Malley
50%
Considered to be the founder of the Argentinian Navy, he was born in Foxford in 1777 William Brown
25%
No matching quizzes found
Score Distribution
Percent of People with Each Score
Percentile by Number Answered
Your Score History
You have not taken this quiz